| 000 | 00872cad a22002055a 4500 | ||
|---|---|---|---|
| 001 | L153553 | ||
| 008 | 110805s20110805xxk f 000 0 eng d | ||
| 035 | _a(Sirsi) u153553 | ||
| 041 | 0 | _aeng | |
| 050 | 0 | 4 | _a333.33 $2 18 |
| 110 | 2 |
_aLloyds Banking Group _95822 |
|
| 245 | 0 | 0 |
_aHalifax house price index _bJuly 2011 |
| 260 |
_aLondon _bLloydsbankinggroup _c2011 |
||
| 520 | _aUnited Kingdom house prices increased by 0.3% in July 2011 but prices in the three months to July were 0.5% higher than in the previous three months. Little change in housing market activity. | ||
| 590 | _aKA | ||
| 651 | 4 |
_aUnited Kingdom _y |
|
| 690 | _aPROPERTY-RESIDENTIAL PROPERTY-RESIDENTIAL PROPERTY MARKET | ||
| 856 | 4 | 0 |
_uhttps://www.lloydsbankinggroup.com/media/pdfs/halifax/2011/HousePriceIndexJuly2011.pdf _zView this item free of charge at www.lloydsbankinggroup.com |
| 942 | _n0 | ||
| 999 |
_c112593 _d112593 |
||